[Event "HUN-chT2 Asztalos 1314"]
[Site "Hungary"]
[Date "2013.09.22"]
[Round "2"]
[White "Horvath, Ferenc"]
[Black "Reiter, Laszlo"]
[Result "0-1"]
[WhiteElo "1572"]
[BlackElo "1829"]
[PlyCount "72"]
[EventDate "2013.09.08"]
[EventType "team-tourn"]
[EventRounds "9"]
[EventCountry "HUN"]
[SourceTitle "EXT 2016"]
[Source "ChessBase"]
[SourceDate "2015.10.10"]
[SourceVersion "1"]
[SourceVersionDate "2015.10.10"]
[SourceQuality "1"]
[WhiteTeam "Kaposvar Bastya"]
[BlackTeam "Fehervar SE"]
[WhiteTeamCountry "HUN"]
[BlackTeamCountry "HUN"]

1. e4 e5 2. Nf3 Nc6 3. c3 d5 4. exd5 Qxd5 5. d3 Be7 6. Be2 Bf5 7. O-O Rd8 8. c4
Qd7 9. Nc3 Nf6 10. Ne1 O-O 11. Be3 a6 12. a3 Nd4 13. Bxd4 exd4 14. Na2 Rfe8 15.
b4 b6 16. Rc1 c5 17. Nf3 Bd6 18. Re1 h6 19. Rb1 Re7 20. Qb3 Rde8 21. Bf1 Bg4
22. Rxe7 Rxe7 23. Nd2 Qe8 24. f3 Bh5 25. Ne4 Nxe4 26. dxe4 f5 27. Bd3 fxe4 28.
Bxe4 Bg6 29. Re1 Bxe4 30. fxe4 Rxe4 31. Rf1 Re3 32. Qb1 d3 33. Nc3 Qe5 34. g3
Qxc3 35. Qd1 Re2 36. Qa4 Qd4+ 0-1

[Event "FIN-chT1 1314"]
[Site "Finland"]
[Date "2013.09.21"]
[Round "1"]
[White "Karvinen, Kimmo"]
[Black "Perho, Aki"]
[Result "1-0"]
[WhiteElo "2091"]
[BlackElo "1897"]
[PlyCount "81"]
[EventDate "2013.09.21"]
[EventType "team-tourn"]
[EventRounds "9"]
[EventCountry "FIN"]
[SourceTitle "EXT 2015"]
[Source "ChessBase"]
[SourceDate "2014.11.20"]
[SourceVersion "1"]
[SourceVersionDate "2014.11.20"]
[SourceQuality "1"]

1. e4 e5 2. Nf3 Nc6 3. c3 Nf6 4. d4 Nxe4 5. d5 Nb8 6. Nxe5 Bc5 7. Qe2 O-O 8.
Qxe4 Re8 9. Bd3 g6 10. O-O d6 11. Nxf7 Kxf7 12. Qf4+ Qf6 13. Qg3 Nd7 14. Nd2
Qe5 15. Qh4 Kg8 16. Nf3 Qh5 17. Qxh5 gxh5 18. Bh6 Nf6 19. h3 Bd7 20. Rad1 Re7
21. Bg5 Kg7 22. Bxh7 Kxh7 23. Bxf6 Re2 24. c4 Rg8 25. Bh4 Rge8 26. Rfe1 Rxb2
27. Rxe8 Bxe8 28. Re1 Ba4 29. Re7+ Kg8 30. Ng5 Rxa2 31. Ne6 Ba3 32. Bf6 Bb2 33.
Rg7+ Kh8 34. Bxb2 Rxb2 35. Rxc7 Bc2 36. c5 dxc5 37. d6 Ba4 38. Nxc5 Bc6 39.
Nxb7 Bxb7 40. d7 Rd2 41. Rxb7 1-0

[Event "Wch U20 Girls 31st"]
[Site "Kocaeli"]
[Date "2013.09.14"]
[Round "2"]
[White "Armas, Lena"]
[Black "Birgelir, Melisa"]
[Result "1-0"]
[WhiteElo "1920"]
[BlackElo "1617"]
[PlyCount "89"]
[EventDate "2013.09.13"]
[EventType "swiss"]
[EventRounds "13"]
[EventCountry "TUR"]
[SourceTitle "CBM 156 Extra"]
[Source "ChessBase"]
[SourceDate "2013.10.22"]
[SourceVersion "1"]
[SourceVersionDate "2013.10.22"]
[SourceQuality "1"]

1. e4 e5 2. Nf3 Nc6 3. c3 Nf6 4. d4 exd4 5. e5 Qe7 6. cxd4 d6 7. Bb5 Bd7 8. O-O
dxe5 9. Bxc6 Bxc6 10. Nxe5 Qd6 11. Nc3 Be7 12. Bf4 Qd8 13. Nxc6 bxc6 14. Qa4
O-O 15. Qxc6 Qxd4 16. Qxc7 Qc5 17. Rac1 Rac8 18. Qxc5 Bxc5 19. Na4 Bb4 20. Be3
a6 21. Nc5 Nd5 22. Nxa6 Nxe3 23. fxe3 Rxc1 24. Rxc1 Bd2 25. Rc2 Bxe3+ 26. Kf1
Ra8 27. Nb4 Bf4 28. b3 Bxh2 29. Re2 Bd6 30. Nc6 g6 31. a4 Ra6 32. Nd4 Bb4 33.
Nb5 Rf6+ 34. Kg1 Kg7 35. Rc2 Rf5 36. Kh2 Bc5 37. Kg3 Rg5+ 38. Kf3 Rf5+ 39. Ke4
Kf6 40. Kd3 Rd5+ 41. Kc4 Rd8 42. b4 Bg1 43. Kb3 Ke5 44. a5 g5 45. a6 1-0

[Event "POL-chT2"]
[Site "Poronin"]
[Date "2013.09.13"]
[Round "7.4"]
[White "Polok, Kacper"]
[Black "Warakomski, Tomasz"]
[Result "0-1"]
[WhiteElo "2153"]
[BlackElo "2494"]
[PlyCount "60"]
[EventDate "2013.09.06"]
[EventType "team-swiss"]
[EventRounds "9"]
[EventCountry "POL"]
[SourceTitle "EXT 2015"]
[Source "ChessBase"]
[SourceDate "2014.11.20"]
[SourceVersion "1"]
[SourceVersionDate "2014.11.20"]
[SourceQuality "1"]

1. e4 e5 2. Nf3 Nc6 3. c3 Qe7 4. Bb5 a6 5. Ba4 d6 6. O-O Bd7 7. d4 Nf6 8. Bc2
g6 9. dxe5 dxe5 10. b3 Nh5 11. c4 Bg4 12. Nc3 Nd4 13. Nd5 Qd8 14. Bg5 Bxf3 15.
Bxd8 Bxd1 16. Bf6 Bxc2 17. Nxc7+ Kd7 18. Bxh8 Ne2+ 19. Kh1 Kxc7 20. Rfe1 Nhf4
21. Bxe5+ Bd6 22. Bf6 Bb4 23. Be5+ Kc6 24. Rf1 Nd3 25. Bf6 Bc5 26. Bh4 g5 27.
Bg3 Re8 28. f3 Nxg3+ 29. hxg3 Re6 30. b4 Rh6# 0-1

[Event "corr RSS7E high-148"]
[Site "www.remoteschach.de"]
[Date "2013.09.12"]
[Round "?"]
[White "Quinones Borda, Jorge Victor"]
[Black "Winiger, Albert"]
[Result "1-0"]
[WhiteElo "2363"]
[BlackElo "2321"]
[PlyCount "99"]
[EventDate "2013.??.??"]
[EventType "tourn (corr)"]
[SourceTitle "OM Corr 202003"]
[Source "Opening Master"]
[SourceDate "2019.05.30"]
[SourceVersion "2"]
[SourceVersionDate "2019.05.30"]
[SourceQuality "1"]

1. e4 e5 2. Nf3 Nc6 3. c3 d5 4. Qa4 Bd7 5. exd5 Nd4 6. Qd1 Nxf3+ 7. Qxf3 Nf6 8.
Bc4 e4 9. Qe2 Bd6 10. d4 O-O 11. Bg5 h6 12. Bh4 Re8 13. O-O a6 14. Bb3 Bf4 15.
Re1 Bf5 16. Na3 g5 17. Bg3 Bxg3 18. fxg3 Nxd5 19. Nc4 Bh7 20. Rf1 Kg7 21. Ne3
c6 22. Rf2 Bg6 23. Bxd5 cxd5 24. Raf1 Rc8 25. h4 Rc7 26. h5 Bh7 27. a4 Rd7 28.
c4 dxc4 29. Qxc4 Rf8 30. d5 f6 31. Qb4 Rff7 32. Qd4 Qe7 33. b4 Rf8 34. Ng4 Rd6
35. Ne3 Rd7 36. Rb2 Qd6 37. g4 Rff7 38. b5 axb5 39. Rxb5 Qa3 40. Rd1 Rd8 41. a5
Rdd7 42. Rb6 Rd8 43. Re6 Qb3 44. Nc4 Qg3 45. Ne3 Qc7 46. Rf1 Rdf8 47. d6 Qd7
48. Rfxf6 Rxf6 49. Re7+ R8f7 50. Rxd7 1-0

[Event "4th IRT UNAS XLIX Aniversario Universid"]
[Site "?"]
[Date "2013.09.08"]
[Round "?"]
[White "Fajardo Gamarra, Rai"]
[Black "Valeriano Huataquispe, Cliver"]
[Result "1-0"]
[WhiteElo "1507"]
[BlackElo "1675"]
[PlyCount "111"]
[EventDate "2013.??.??"]
[SourceTitle "OM OTB B 201907"]
[Source "Opening Master"]
[SourceDate "2019.07.06"]
[SourceVersion "2"]
[SourceVersionDate "2019.07.06"]
[SourceQuality "1"]

1. e4 e5 2. Nf3 Nc6 3. c3 g6 4. d4 d6 5. dxe5 Bg7 6. Bf4 Bg4 7. Nbd2 dxe5 8.
Bg5 f6 9. Bh4 Nge7 10. Bc4 Rf8 11. O-O h6 12. h3 Bd7 13. Qc2 g5 14. Bg3 f5 15.
Qd1 f4 16. Bh2 g4 17. Ne1 h5 18. g3 f3 19. h4 Na5 20. Bd3 c5 21. b4 cxb4 22.
cxb4 Nac6 23. Bc4 Nxb4 24. Nexf3 gxf3 25. Nxf3 b5 26. Bb3 Bf6 27. Ng5 Bxg5 28.
Qxh5+ Ng6 29. Qxg6+ Ke7 30. Qxg5+ Rf6 31. Qxe5+ Be6 32. Rfd1 Qb6 33. Rd6 Qxd6
34. Qxd6+ Kxd6 35. g4+ Ke7 36. g5 Rff8 37. Rd1 Rad8 38. Rxd8 Rxd8 39. Bxe6 Kxe6
40. f4 Nxa2 41. h5 b4 42. f5+ Kf7 43. Be5 Re8 44. g6+ Kg8 45. Bf6 Rxe4 46. h6
Rh4 47. Bxh4 b3 48. Bf6 b2 49. Bxb2 Nb4 50. h7+ Kf8 51. h8=Q+ Ke7 52. Qf6+ Ke8
53. g7 a5 54. g8=R+ Kd7 55. Rg7+ Kc8 56. Qf8# 1-0

[Event "RB-2013-0-00219"]
[Site "Lechenicher SchachServer"]
[Date "2013.09.08"]
[Round "?"]
[White "Hammerschmidt, Volker"]
[Black "Schulz, Hans-Juergen"]
[Result "1/2-1/2"]
[WhiteElo "1890"]
[BlackElo "1682"]
[PlyCount "93"]
[EventDate "2013.08.09"]
[EventType "swiss"]

1. e4 e5 2. Nf3 Nc6 3. c3 Nf6 4. d4 d6 5. Bd3 g6 6. O-O Bg7 7. h3 O-O 8. Re1
Re8 9. dxe5 Nxe5 10. Nxe5 dxe5 11. Bg5 h6 12. Be3 Be6 13. Qc2 Nh5 14. Bf1 Qe7
15. Nd2 Red8 16. Rad1 a6 17. g3 Nf6 18. Nc4 Nh7 19. h4 b6 20. b3 Bg4 21. Be2
Bxe2 22. Qxe2 Nf6 23. f3 Nh5 24. Kg2 Qe6 25. Bf2 b5 26. Na5 Re8 27. b4 Bf8 28.
a3 Rac8 29. Rd5 Nf6 30. Rd3 c5 31. Nb7 c4 32. Rd2 Qc6 33. Na5 Qe6 34. Red1 Rc7
35. Qe3 Nd7 36. a4 bxa4 37. Ra2 f5 38. Qe2 Re7 39. Rxa4 Rf7 40. Raa1 fxe4 41.
fxe4 Be7 42. Be3 Kh7 43. Bg1 Nf6 44. Rf1 Rc8 45. Rad1 Kg7 46. Rd2 Bd8 47. Rfd1
{Draw agreed} 1/2-1/2

[Event "MNT-chT1"]
[Site "Cetinje"]
[Date "2013.09.07"]
[Round "5"]
[White "Popovic, Mladen"]
[Black "Pecurica, Milos"]
[Result "0-1"]
[WhiteElo "2142"]
[BlackElo "2190"]
[PlyCount "50"]
[EventDate "2013.08.30"]
[EventType "team-tourn"]
[EventRounds "9"]
[EventCountry "MNE"]
[SourceTitle "CBM 156 Extra"]
[Source "ChessBase"]
[SourceDate "2013.10.22"]
[SourceVersion "1"]
[SourceVersionDate "2013.10.22"]
[SourceQuality "1"]

1. e4 e5 2. Nf3 Nc6 3. c3 d5 4. Bb5 dxe4 5. Nxe5 Qd5 6. Qa4 Nge7 7. Nxc6 bxc6
8. Be2 Ng6 9. d3 exd3 10. Bf3 Qe6+ 11. Kd1 Ne5 12. Re1 Bd7 13. Bf4 Bd6 14. Bxe5
Bxe5 15. Qe4 f6 16. Bh5+ g6 17. f4 gxh5 18. fxe5 O-O 19. Qxd3 fxe5 20. Nd2 Rad8
21. Kc2 Be8 22. Qg3+ Bg6+ 23. Ne4 Rf4 24. Rad1 Rxd1 25. Kxd1 Rxe4 0-1

[Event "SWE Cup"]
[Site "Linkoping"]
[Date "2013.09.07"]
[Round "4.1"]
[White "Fransson, Percy"]
[Black "Lindberg, Bosse"]
[Result "0-1"]
[WhiteElo "2182"]
[BlackElo "2421"]
[PlyCount "56"]
[EventDate "2013.09.06"]
[EventType "team-tourn"]
[EventRounds "7"]
[EventCountry "SWE"]
[SourceTitle "CBM 156 Extra"]
[Source "ChessBase"]
[SourceDate "2013.10.22"]
[SourceVersion "1"]
[SourceVersionDate "2013.10.22"]
[SourceQuality "1"]
[WhiteTeam "Orgryte"]
[BlackTeam "Team Viking"]
[WhiteTeamCountry "SWE"]
[BlackTeamCountry "SWE"]

1. e4 e5 2. Nf3 Nc6 3. c3 f5 4. d4 fxe4 5. Nxe5 Nf6 6. Bg5 Be7 7. Nd2 O-O 8.
Be2 Qe8 9. Qb3+ Kh8 10. O-O-O d6 11. Nxc6 bxc6 12. Rde1 Qg6 13. h4 h6 14. Bxf6
Bxf6 15. g4 d5 16. Reg1 Be7 17. f3 exf3 18. Bxf3 Bd6 19. Qc2 Qxc2+ 20. Kxc2 Bd7
21. Rf1 Rae8 22. c4 Rf4 23. cxd5 cxd5 24. g5 Rxd4 25. gxh6 gxh6 26. a3 Bf5+ 27.
Kc1 Bf4 28. Rf2 Re6 0-1

[Event "New York State-ch 135th"]
[Site "Albany"]
[Date "2013.08.31"]
[Round "2"]
[White "Nikolayev, Igor"]
[Black "Adamec, Carl"]
[Result "1-0"]
[WhiteElo "2375"]
[BlackElo "2043"]
[PlyCount "95"]
[EventDate "2013.08.31"]
[EventType "swiss"]
[EventRounds "6"]
[EventCountry "USA"]
[SourceTitle "CBM 156 Extra"]
[Source "ChessBase"]
[SourceDate "2013.10.22"]
[SourceVersion "1"]
[SourceVersionDate "2013.10.22"]
[SourceQuality "1"]

1. e4 e5 2. Nf3 Nc6 3. c3 Nf6 4. d4 d6 5. Be2 Bd7 6. Nbd2 Qc8 7. O-O Be7 8.
dxe5 Nxe5 9. Nxe5 dxe5 10. Nc4 Nxe4 11. Nxe5 Nd6 12. Nxd7 Qxd7 13. Bf3 Rd8 14.
Bg4 f5 15. Bh5+ g6 16. Bf3 O-O 17. Bh6 Rfe8 18. Qd4 Bf8 19. Bxf8 Rxf8 20. Qxa7
Qb5 21. b3 c5 22. Bd5+ Kg7 23. a4 Qd3 24. Qxc5 Ne4 25. Qc7+ Kh6 26. c4 Nc3 27.
Qf4+ g5 28. Qf3 Qxf3 29. Bxf3 g4 30. Bxb7 Rb8 31. Bd5 Rxb3 32. a5 Nxd5 33. cxd5
Rb5 34. Rfd1 Ra8 35. d6 Kg7 36. d7 Rbb8 37. Rd5 Kf6 38. Rad1 Rd8 39. Kf1 Ra6
40. Rd6+ Rxd6 41. Rxd6+ Ke7 42. Rd3 Rxd7 43. Rxd7+ Kxd7 44. Ke2 f4 45. Kd3 Kc6
46. Ke4 f3 47. g3 Kb5 48. Kf4 1-0

[Event "Kesarovski Georgiev Memorial-B 12th"]
[Site "Sunny Beach"]
[Date "2013.08.31"]
[Round "1"]
[White "Jordanova, Svetla"]
[Black "Hansi, Otmar"]
[Result "1-0"]
[WhiteElo "2048"]
[BlackElo "1542"]
[PlyCount "55"]
[EventDate "2013.08.31"]
[EventType "swiss"]
[EventRounds "9"]
[EventCountry "BUL"]
[SourceTitle "CBM 156 Extra"]
[Source "ChessBase"]
[SourceDate "2013.10.22"]
[SourceVersion "1"]
[SourceVersionDate "2013.10.22"]
[SourceQuality "1"]

1. e4 e5 2. Nf3 Nc6 3. c3 d5 4. Qa4 f6 5. Bb5 Nge7 6. O-O Bd7 7. exd5 Nxd5 8.
d4 a6 9. Bxc6 Bxc6 10. Qd1 e4 11. Re1 f5 12. Ne5 Qf6 13. f3 Qh4 14. fxe4 fxe4
15. g3 Qh3 16. Nxc6 bxc6 17. Rxe4+ Kd7 18. Bf4 Nf6 19. Re2 Bd6 20. Bxd6 cxd6
21. Nd2 d5 22. Nf3 Ne4 23. Ne5+ Kc7 24. Qa4 Qe6 25. Rf1 Nf6 26. Qa5+ Kb7 27.
Nc4 Qxe2 28. Nd6+ 1-0

[Event "SLO-chT U20"]
[Site "Verzej"]
[Date "2013.08.30"]
[Round "6"]
[White "Kralj, Samo"]
[Black "Brinovec, David"]
[Result "1-0"]
[WhiteElo "1952"]
[BlackElo "1873"]
[PlyCount "99"]
[EventDate "2013.08.27"]
[EventType "team-tourn"]
[EventRounds "7"]
[EventCountry "SLO"]
[SourceTitle "EXT 2015"]
[Source "ChessBase"]
[SourceDate "2014.11.20"]
[SourceVersion "1"]
[SourceVersionDate "2014.11.20"]
[SourceQuality "1"]

1. e4 e5 2. Nf3 Nc6 3. c3 Nf6 4. d4 exd4 5. e5 Ne4 6. cxd4 d5 7. Nc3 Bb4 8. Qb3
Bg4 9. Bb5 Bxc3+ 10. bxc3 Bxf3 11. gxf3 Ng5 12. Bxg5 Qxg5 13. Qxd5 O-O 14. Ke2
Kh8 15. Rhg1 Qh5 16. Bxc6 bxc6 17. Qxc6 Rab8 18. Rab1 Qf5 19. Qe4 Qe6 20. Qc2
Qc4+ 21. Ke3 f6 22. Rxb8 Rxb8 23. Rb1 Re8 24. Qb3 Qc6 25. f4 fxe5 26. fxe5 Qh6+
27. Kd3 Qg6+ 28. Kd2 Qg5+ 29. Ke2 Qg4+ 30. f3 Qg2+ 31. Ke3 Qg5+ 32. f4 Qh6 33.
Qd5 Qh3+ 34. Qf3 Qxh2 35. Rh1 Qc2 36. Qe4 Qxc3+ 37. Qd3 Qxd3+ 38. Kxd3 g6 39.
Rb1 h5 40. Rb7 Re7 41. d5 Rd7 42. d6 h4 43. Rxc7 h3 44. Rc2 Kg7 45. Rh2 Kf7 46.
Rxh3 Ke6 47. Ke4 Rb7 48. Rb3 Rh7 49. Rb8 Rh4 50. Rb7 1-0

[Event "Uljanovsk Povolje op"]
[Site "Uljanovsk"]
[Date "2013.08.29"]
[Round "9"]
[White "Rumyantsev, Nikolay"]
[Black "Kalashnikov, Nikolay"]
[Result "1-0"]
[WhiteElo "1716"]
[BlackElo "1535"]
[PlyCount "91"]
[EventDate "2013.08.24"]
[EventType "swiss"]
[EventRounds "9"]
[EventCountry "RUS"]
[SourceTitle "CBM 156 Extra"]
[Source "ChessBase"]
[SourceDate "2013.10.22"]
[SourceVersion "1"]
[SourceVersionDate "2013.10.22"]
[SourceQuality "1"]

1. e4 e5 2. Nf3 Nc6 3. c3 Nf6 4. d4 exd4 5. e5 Nd5 6. cxd4 Bb4+ 7. Nbd2 d6 8.
a3 Ba5 9. b4 Bb6 10. Bb5 Bd7 11. Qb3 Nce7 12. Bc4 Be6 13. Bb2 a5 14. O-O axb4
15. axb4 Rxa1 16. Rxa1 O-O 17. Ng5 h6 18. Nge4 dxe5 19. dxe5 Qd7 20. Nc5 Bxc5
21. bxc5 Nc6 22. Ne4 Nf4 23. g3 Bxc4 24. Qxc4 Qd5 25. Nf6+ gxf6 26. Qxf4 Nxe5
27. Ra3 Qd1+ 28. Kg2 Nd3 29. Qxf6 Nxb2 30. Qxb2 Qd5+ 31. Rf3 Ra8 32. Qb4 Ra1
33. Qf4 Ra5 34. Qxc7 Rxc5 35. Qb8+ Kg7 36. Qf4 Kf8 37. Qxh6+ Ke8 38. Qh8+ Ke7
39. h4 b5 40. Qf6+ Kf8 41. Kh2 Rc1 42. Qh8+ Ke7 43. Re3+ Kd6 44. Qb8+ Rc7 45.
Qd8+ Rd7 46. Qb6+ 1-0

[Event "Graz op 20th"]
[Site "Graz"]
[Date "2013.08.27"]
[Round "4"]
[White "Poetz, Florian"]
[Black "Kopinits, Anna Christina"]
[Result "1-0"]
[WhiteElo "2417"]
[BlackElo "2267"]
[PlyCount "41"]
[EventDate "2013.08.24"]
[EventType "swiss"]
[EventRounds "9"]
[EventCountry "AUT"]
[SourceTitle "CBM 156 Extra"]
[Source "ChessBase"]
[SourceDate "2013.10.22"]
[SourceVersion "1"]
[SourceVersionDate "2013.10.22"]
[SourceQuality "1"]

1. e4 e5 2. Nf3 Nc6 3. c3 Nf6 4. d4 Nxe4 5. d5 Ne7 6. Nxe5 Ng6 7. Nxg6 hxg6 8.
Bd3 Nd6 9. Qf3 b5 10. a4 b4 11. cxb4 Qh4 12. Bf4 Bb7 13. Nc3 O-O-O 14. O-O Rh5
15. Rfc1 Ne8 16. Nb5 Bxd5 17. Be4 Rf5 18. Nxc7 Nxc7 19. Rxc7+ Kb8 20. Bxd5 Qxf4
21. Rb7+ 1-0

[Event "Leyland op"]
[Site "Leyland"]
[Date "2013.08.26"]
[Round "5"]
[White "Taylor, Robert Keith"]
[Black "Collins, Richard Arnold"]
[Result "1/2-1/2"]
[WhiteElo "2019"]
[BlackElo "1802"]
[PlyCount "34"]
[EventDate "2013.08.24"]
[EventType "swiss"]
[EventRounds "6"]
[EventCountry "ENG"]
[SourceTitle "CBM 156 Extra"]
[Source "ChessBase"]
[SourceDate "2013.10.22"]
[SourceVersion "1"]
[SourceVersionDate "2013.10.22"]
[SourceQuality "1"]

1. e4 e5 2. Nf3 Nc6 3. c3 Nf6 4. d4 exd4 5. e5 Nd5 6. Qb3 Nb6 7. cxd4 d5 8. Be2
Be7 9. Be3 Be6 10. Nbd2 h6 11. a3 Qd7 12. Bb5 a6 13. Bxc6 Qxc6 14. O-O Rc8 15.
Rfc1 Qb5 16. Qxb5+ axb5 17. Nb3 Nc4 1/2-1/2

[Event "Feffernitz Raika op 22nd"]
[Site "Feffernitz"]
[Date "2013.08.25"]
[Round "9"]
[White "Raschun, Gerhard"]
[Black "Zauchner, Markus"]
[Result "1/2-1/2"]
[WhiteElo "1983"]
[BlackElo "1814"]
[PlyCount "34"]
[EventDate "2013.08.18"]
[EventType "swiss"]
[EventRounds "9"]
[EventCountry "AUT"]
[SourceTitle "CBM 156 Extra"]
[Source "ChessBase"]
[SourceDate "2013.10.22"]
[SourceVersion "1"]
[SourceVersionDate "2013.10.22"]
[SourceQuality "1"]

1. e4 e5 2. Nf3 Nc6 3. c3 d6 4. d4 exd4 5. cxd4 h6 6. Nc3 Bd7 7. Bd3 Nf6 8. O-O
g6 9. e5 dxe5 10. Nxe5 Nxe5 11. Re1 Be6 12. Rxe5 Bd6 13. Re1 Kf8 14. Rxe6 fxe6
15. Bxg6 c6 16. Ne4 Nxe4 17. Bxe4 Bxh2+ 1/2-1/2

[Event "Wiesbaden op 25th"]
[Site "Wiesbaden"]
[Date "2013.08.25"]
[Round "7"]
[White "Breitbach, Stephan"]
[Black "Triantafillidis, Dimitrios"]
[Result "0-1"]
[WhiteElo "1685"]
[BlackElo "1659"]
[PlyCount "108"]
[EventDate "2013.08.22"]
[EventType "swiss"]
[EventRounds "7"]
[EventCountry "GER"]
[SourceTitle "CBM 156 Extra"]
[Source "ChessBase"]
[SourceDate "2013.10.22"]
[SourceVersion "1"]
[SourceVersionDate "2013.10.22"]
[SourceQuality "1"]

1. e4 e5 2. Nf3 Nc6 3. c3 Nf6 4. Bd3 b6 5. Bc2 Bb7 6. d4 exd4 7. cxd4 d6 8. O-O
Qd7 9. Nc3 g6 10. d5 Ne5 11. Nd4 Bg7 12. f4 Qe7 13. fxe5 Qxe5 14. Bf4 Qe7 15.
Ba4+ Nd7 16. Nc6 Qh4 17. Qf3 O-O 18. Qg3 Qxg3 19. Bxg3 Nc5 20. Bc2 Rae8 21.
Rfe1 a6 22. Rab1 Nd7 23. b4 Bxc6 24. dxc6 Bxc3 25. cxd7 Re7 26. Red1 Rxd7 27.
e5 d5 28. Be4 c6 29. Bf3 Re7 30. Bxd5 cxd5 31. Rxd5 Rfe8 32. Rd6 Re6 33. b5 a5
34. a3 R6e7 35. Rb3 Ba1 36. Rbd3 Re6 37. Rxe6 Rxe6 38. Rd6 a4 39. Bf2 Bxe5 40.
Rxe6 fxe6 41. Bxb6 Bd6 42. Bd4 Bxa3 43. b6 Bd6 44. g3 Kf7 45. Kg2 Ke8 46. Kf3
Kd7 47. Kg4 Be7 48. h4 a3 49. h5 a2 50. hxg6 hxg6 51. Kf4 Kc6 52. b7 Bd6+ 53.
Kg5 Kxb7 54. Kg4 Kc6 0-1

[Event "Wiesbaden op 25th"]
[Site "Wiesbaden"]
[Date "2013.08.25"]
[Round "6"]
[White "Reh, Stefan"]
[Black "Launert, Martin"]
[Result "1-0"]
[WhiteElo "2035"]
[BlackElo "1874"]
[PlyCount "69"]
[EventDate "2013.08.22"]
[EventType "swiss"]
[EventRounds "7"]
[EventCountry "GER"]
[SourceTitle "CBM 156 Extra"]
[Source "ChessBase"]
[SourceDate "2013.10.22"]
[SourceVersion "1"]
[SourceVersionDate "2013.10.22"]
[SourceQuality "1"]

1. e4 e5 2. Nf3 Nc6 3. c3 Nf6 4. d4 d6 5. Bg5 h6 6. Be3 Ng4 7. Qc2 Nxe3 8. fxe3
Bd7 9. Nbd2 g6 10. O-O-O Bg7 11. Be2 a6 12. h3 Qe7 13. Kb1 O-O-O 14. d5 Na7 15.
b4 f5 16. Bd3 Rhf8 17. c4 Kb8 18. a4 c6 19. Kb2 cxd5 20. cxd5 Rc8 21. Qb3 Rc7
22. Rc1 Rfc8 23. b5 axb5 24. axb5 Rc5 25. b6 Nb5 26. Qa4 Rxc1 27. Rxc1 Rxc1 28.
Kxc1 fxe4 29. Bxb5 Bxb5 30. Qa7+ Kc8 31. Qa8+ Kd7 32. Qxb7+ Kd8 33. Qxe7+ Kxe7
34. b7 exf3 35. gxf3 1-0

[Event "Polanica Zdroj op-D 49th"]
[Site "Polanica Zdroj"]
[Date "2013.08.23"]
[Round "7"]
[White "Szymanowski, Igor"]
[Black "Zyla, Tomasz"]
[Result "1/2-1/2"]
[WhiteElo "1656"]
[BlackElo "1499"]
[PlyCount "81"]
[EventDate "2013.08.17"]
[EventType "swiss"]
[EventRounds "9"]
[EventCountry "POL"]
[SourceTitle "EXT 2014"]
[Source "ChessBase"]
[SourceDate "2013.11.20"]
[SourceVersion "1"]
[SourceVersionDate "2013.11.20"]
[SourceQuality "1"]

1. e4 e5 2. Nf3 Nc6 3. c3 d6 4. Bb5 Bd7 5. O-O Nge7 6. Re1 g6 7. d4 exd4 8.
Bxc6 Nxc6 9. e5 dxe5 10. cxd4 Be6 11. dxe5 Qxd1 12. Rxd1 Bg7 13. Bf4 Bg4 14.
Nbd2 O-O-O 15. Re1 Rhe8 16. h3 Bxf3 17. Nxf3 Nd4 18. Rac1 Nxf3+ 19. gxf3 Re6
20. Re4 Rd5 21. Rce1 h6 22. Kg2 g5 23. Bg3 Rd8 24. f4 gxf4 25. Bxf4 Rde8 26. f3
Kd7 27. Bg3 f6 28. exf6 Bxf6 29. Rxe6 Rxe6 30. Rxe6 Kxe6 31. Bxc7 Bxb2 32. f4
Kf5 33. Kf3 Bc1 34. a4 a6 35. a5 Bd2 36. Kg3 h5 37. Kh4 Bxf4 38. Bxf4 Kxf4 39.
Kxh5 Ke4 40. Kg4 Kd5 41. h4 1/2-1/2

[Event "Berlin Lichtenberger op 12th"]
[Site "Berlin"]
[Date "2013.08.22"]
[Round "6"]
[White "Barwich, Andreas"]
[Black "Jansen, Robert"]
[Result "1-0"]
[WhiteElo "1935"]
[BlackElo "1771"]
[PlyCount "137"]
[EventDate "2013.08.17"]
[EventType "swiss"]
[EventRounds "9"]
[EventCountry "GER"]
[SourceTitle "CBM 156 Extra"]
[Source "ChessBase"]
[SourceDate "2013.10.22"]
[SourceVersion "1"]
[SourceVersionDate "2013.10.22"]
[SourceQuality "1"]

1. e4 e5 2. Nf3 Nc6 3. c3 Nf6 4. d4 exd4 5. e5 Ng4 6. cxd4 d5 7. Nc3 a6 8. h3
Nh6 9. Qb3 Nf5 10. Qxd5 Be6 11. Qxd8+ Rxd8 12. Be3 Nfxd4 13. Nxd4 Nxd4 14.
O-O-O c5 15. Bd3 b5 16. Be4 Be7 17. Bxd4 cxd4 18. Ne2 Bc5 19. a3 O-O 20. Rd2
Rd7 21. Kb1 Rfd8 22. b4 Bb6 23. f4 f5 24. Bd3 g6 25. Rc1 Bd5 26. g3 Kg7 27. Kb2
h5 28. h4 Kf7 29. Rcc2 Be4 30. Ng1 Rc7 31. Rxc7+ Bxc7 32. Nh3 Bxd3 33. Rxd3 Bb6
34. Ng5+ Ke7 35. Nf3 Ke6 36. Kb3 Rd7 37. Kc2 Rd8 38. Kd2 Rd7 39. Ke2 Kd5 40.
Rb3 Kc4 41. Nd2+ Kd5 42. Kd3 Rc7 43. Ke2 Rc1 44. Nf3 Rc2+ 45. Kd1 Rg2 46. Nd2
Rg1+ 47. Ke2 Rg2+ 48. Kd1 Rg1+ 49. Kc2 Rg2 50. Rd3 a5 51. Kd1 Rg1+ 52. Ke2 Ra1
53. bxa5 Bxa5 54. Rb3 Kc5 55. e6 Bd8 56. Rd3 Ra2 57. Kd1 Bf6 58. Kc1 Ra1+ 59.
Kc2 Rg1 60. Nb3+ Kd6 61. Nxd4 Bxd4 62. Rxd4+ Kxe6 63. Rd3 Re1 64. Kb3 Re4 65.
Kc2 Rc4+ 66. Kd2 Ra4 67. Rb3 Ra5 68. Kc3 Kd5 69. Kb4 1-0

[Event "ARM-ch 1st League 74th"]
[Site "Yerevan"]
[Date "2013.08.22"]
[Round "2"]
[White "Hayrapetyan, Artavazd"]
[Black "Dilanian, Grigor"]
[Result "1-0"]
[WhiteElo "2200"]
[BlackElo "2281"]
[PlyCount "135"]
[EventDate "2013.08.21"]
[EventType "tourn"]
[EventRounds "13"]
[EventCountry "ARM"]
[EventCategory "7"]
[SourceTitle "CBM 156 Extra"]
[Source "ChessBase"]
[SourceDate "2013.10.22"]
[SourceVersion "1"]
[SourceVersionDate "2013.10.22"]
[SourceQuality "1"]

1. e4 e5 2. Nf3 Nc6 3. c3 d5 4. Qa4 Bd7 5. exd5 Nd4 6. Qd1 Nxf3+ 7. Qxf3 Nf6 8.
Bc4 e4 9. Qe2 Bd6 10. d4 h6 11. Be3 O-O 12. Nd2 Bg4 13. Qf1 Re8 14. h3 Bh5 15.
g4 Bg6 16. Bb3 Qd7 17. Qg2 Bf8 18. Nc4 Bd6 19. Nxd6 Qxd6 20. Qg3 Qxg3 21. fxg3
Red8 22. c4 b5 23. d6 Rxd6 24. cxb5 Nd5 25. Ke2 Rb8 26. Rhc1 Rxb5 27. Rc5 c6
28. Rxb5 cxb5 29. Rc1 Kf8 30. Bd2 Ke8 31. Rc5 Nb6 32. d5 a6 33. Bf4 Rd7 34. Bc7
Nc4 35. Bxc4 bxc4 36. d6 f6 37. Rxc4 Rf7 38. Ra4 f5 39. Rxa6 Kd7 40. Ra8 fxg4
41. hxg4 Rf3 42. Rg8 Bf7 43. Rxg7 Kc6 44. b3 Be6 45. g5 hxg5 46. Rxg5 Bc8 47.
b4 Be6 48. b5+ Kd7 49. Rg7+ Kc8 50. b6 Bc4+ 51. Kd2 Rd3+ 52. Kc2 Bb5 53. Re7
Ba4+ 54. Kb2 Bc6 55. a3 Kb7 56. a4 Rd2+ 57. Kc3 Rd3+ 58. Kc4 Rd1 59. a5 Ka6 60.
g4 Rc1+ 61. Kd4 Rg1 62. Rxe4 Rd1+ 63. Ke5 Kb7 64. Rd4 Re1+ 65. Kf6 Bd7 66. g5
Re6+ 67. Kf7 Re5 68. g6 1-0